Sprievodca štúdiom na Národohospodárskej fakulte Ekonomickej univerzity v Bratislave akademický rok 2007/2008

Enregistré dans:
Détails bibliographiques
Collectivité auteur: Ekonomická univerzita v Bratislave. Národohospodárska fakulta
Autres auteurs: Pastoráková, Erika, 1972-, Čajkovičová, Jana, 1964-
Format: Livre
Langue:slovaque
Publié: Bratislava Vydavateľstvo EKONÓM 2007
Sujets:
Tags: Ajouter un tag
Pas de tags, Soyez le premier à ajouter un tag!

MARC

LEADER 00000nam$a2200000$$$4500
001 0062066
005 20240502071710.9
020 |a 978-80-225-2371-4 
041 0 |a slo 
044 |a SK 
245 1 0 |a Sprievodca štúdiom na Národohospodárskej fakulte Ekonomickej univerzity v Bratislave  |b akademický rok 2007/2008  |c zostavili: Erika Pastoráková, Jana Čajkovičová 
264 1 |a Bratislava  |b Vydavateľstvo EKONÓM  |c 2007 
300 |a 214 s. 
610 2 0 |a programy študijné 
610 2 0 |a plán učebný 
610 2 0 |a univerzity 
610 2 0 |a vzdelávanie vysokoškolské 
610 2 0 |a štruktúra organizačná 
700 1 |a Pastoráková, Erika, 1972- 
700 1 |a Čajkovičová, Jana, 1964- 
710 2 |a Ekonomická univerzita v Bratislave. Národohospodárska fakulta